000 00641nam a2200241Ia 4500
003 OSt
005 20220918202837.0
006 a|||||r|||| 00| 0
007 ta
008 220917b |||||||| |||| 00| 0 eng d
024 _a104,266
037 _cTextual
040 _aARTS
_cARTS
_beng
041 _2eng
_aeng
082 _aV2N51:2vk, J9.1
100 _aNihal Singh
245 0 _aLandmarks in Indian constitutional and National development
250 _a4th
260 _aDelhi
_bAtma Ram India
_c1959
650 _aHISTORY
942 _hV2N51:2vk, J9.1
_cTEXL
_2CC
999 _c227636
_d227636